| 000 | 01511cam a2200385 a 4500 | ||
|---|---|---|---|
| 001 | 739 | ||
| 003 | FISKH | ||
| 005 | 20250915081029.0 | ||
| 008 | 890208s1986 maua j 000 0 eng | ||
| 010 | _a 89060424 | ||
| 020 | _a0881064580 | ||
| 020 | _a0881064521 (pbk.) | ||
| 040 |
_aDLC _cDLC _dDLC _dOCoLC _dDLC |
||
| 042 | _alcac | ||
| 050 | 0 | 0 |
_aQL122.2 _bP35 1986b |
| 100 | 1 | _aPallotta, Jerry. | |
| 245 | 1 | 4 |
_aThe ocean alphabet book / _cby Jerry Pallotta ; illustrated by Frank Mazzola, Jr. |
| 260 |
_aWatertown, MA : _bCharlesbridge, _c1986. |
||
| 300 |
_a30 pages. : _bchiefly col. illustrations. ; _c21 x 26 cm. |
||
| 505 | _aO | ||
| 520 | _aIntroduces the letters A to Z by describing fish and other creatures living in the North Atlantic Ocean. | ||
| 521 |
_a600
_bLexile |
||
| 521 |
_aO
_bRaz-Plus |
||
| 600 |
_2The Ocean Alphabet Book _aPallotta, Jerry |
||
| 650 | 0 |
_aMarine animals _xJuvenile literature. |
|
| 650 | 0 |
_aEnglish language _xAlphabet _xJuvenile literature. |
|
| 650 | 1 | _aMarine animals. | |
| 650 | 1 | _aAlphabet. | |
| 700 | 1 |
_aPallotta, Jerry _eIllustrator |
|
| 856 | 4 | 2 |
_3Contributor biographical information _uhttp://www.loc.gov/catdir/enhancements/fy1401/89060424-b.html |
| 856 | 4 | 2 |
_3Publisher description _uhttp://www.loc.gov/catdir/enhancements/fy1401/89060424-d.html |
| 906 |
_a7 _bcbc _corignew _d3 _eopcn _f19 _gy-gencatlg |
||
| 942 |
_2ddc _cBK _n0 |
||
| 999 |
_c739 _d739 |
||